/ دکتیونرے وف سائنس (Record no. 105987)

MARC details
000 -LEADER
fixed length control field 01039nam a22002657a 4500
005 - DATE AND TIME OF LATEST TRANSACTION
control field 20170123162301.0
010 ## - LIBRARY OF CONGRESS CONTROL NUMBER
LC control number B-080496
020 ## - INTERNATIONAL STANDARD BOOK NUMBER
Terms of availability 320.00
International Standard Book Number 8181230019
035 ## - SYSTEM CONTROL NUMBER
System control number B-080496
037 ## - SOURCE OF ACQUISITION
Source of stock number/acquisition Cen Lib/Ret
040 ## - CATALOGING SOURCE
Original cataloging agency DPL
Language of cataloging UR
082 ## - DEWEY DECIMAL CLASSIFICATION NUMBER
Classification number 503
Item number ڈ ۱ ب
100 ## - MAIN ENTRY--PERSONAL NAME
Personal name ڈبلو.اے. عزیز
9 (RLIN) 111018
245 ## - TITLE STATEMENT
Title / دکتیونرے وف سائنس
Statement of responsibility, etc وابلو. اے. عزیز[اور] مشود احمد ؛ گولوالا اینڈ گولوالا
246 ## - VARYING FORM OF TITLE
Title proper/short title Dictionary of science
Remainder of title by W.A. Aziz
260 ## - PUBLICATION, DISTRIBUTION, ETC. (IMPRINT)
Place of publication, distribution, etc ممبئی
Name of publisher, distributor, etc سیفے بک ایجنسی
Date of publication, distribution, etc 2003
270 ## - ADDRESS
Address ١٠/١١، امین بلڈنگ ٥٣، ابراھیم رحماتللہ روڈ
City ممبئی
300 ## - PHYSICAL DESCRIPTION
Extent 864p.
Dimensions 18cm(Hb)
650 ## - SUBJECT ADDED ENTRY--TOPICAL TERM
Topical term or geographic name as entry element سائنس دکتیونرے
Form subdivision دکتیونرے
9 (RLIN) 111019
650 ## - SUBJECT ADDED ENTRY--TOPICAL TERM
Topical term or geographic name as entry element Science dictionary
Form subdivision dictionary
9 (RLIN) 111020
650 ## - SUBJECT ADDED ENTRY--TOPICAL TERM
Form subdivision
9 (RLIN) 111021
700 ## - ADDED ENTRY--PERSONAL NAME
Personal name مشود احمد
9 (RLIN) 111022
700 ## - ADDED ENTRY--PERSONAL NAME
Personal name گولوالا اینڈ گولوالا
9 (RLIN) 111023
942 ## - ADDED ENTRY ELEMENTS (KOHA)
Source of classification or shelving scheme Dewey Decimal Classification
Koha item type Urdu Bks
Classification part 503
Call number suffix ڈ ۱ ب
Holdings
Withdrawn status Lost status Damaged status Not for loan Collection code Home library Current library Date acquired Source of acquisition Cost, normal purchase price Total Checkouts Full call number Barcode Date last seen Copy number Cost, replacement price Price effective from Koha item type
      Not For Loan Reference Central Library Central Library 26/05/2015 Cen Lib/Ret 320.00   503 ڈ ۱ ب B-080496 26/05/2015 1 320.00 15/09/2016 Urdu Bks

© Delhi Public Library
Hit Counter
free hit counter